00881nam a22002171a 450000100060000000300080000600500170001400800410003103500190007203500180009104000500010904100080015908200170016711001110018424501620029526000700045730000210052750400400054865000260058870000490061448248BD-RjUL20211209054503.0160813s1954 ilu b 000 0 eng  a(BD-RjUL)48367 a(OCoLC)249538 aDLCcODaWUdArdOCoLCdKyUdDLCdBD-RjULbeng aeng a370.19bNAC 2 aNational Society for the Study of Education.bCommittee on Citizen Co-operation for Better Public Schools.10aCitizen co-operation for better public schools /cNational Society for the Study of Education;prepared by the Yearbook Committee ; edited by Nelson B. Henry. aChicago :bdistributed by the University of Chicago Press,c1954. a304 p. ;c22 cm. aIncludes bibliographical footnotes. 0aCommunity and school.1 aHenry, Nelson B.q(Nelson Bollinger),d1883-